| 000 | 00435nam a22001577a 4500 | ||
|---|---|---|---|
| 005 | 20240611114934.0 | ||
| 008 | 240611b2005 |||||||| |||| 00| 0 eng d | ||
| 082 |
_a305.42 _bRAJ |
||
| 100 | _aRaja, Fatima | ||
| 245 | _aBeijing 10 years on | ||
| 260 |
_aLahore: _bShirkat Gah, _c2005 |
||
| 300 |
_a83 p. _bBibliography included |
||
| 650 | _aGENDER INEQUALITIES-Reduction | ||
| 650 | _aWomen participation-Social processes | ||
| 942 | _cRP | ||
| 999 |
_c4907 _d4907 |
||